Responses for show #5437 - Tuesday, April 8, 2008

Deborah Fitzgerald game 2.

Contestants

[<< previous game]

Kathleen Gallagher, a stay-at-home mom and volunteer from St. Louis, Missouri

Jon Folkestad, a manufacturer from Portland, Oregon

Deborah Fitzgerald, a retired government employee from McLean, Virginia (whose 1-day cash winnings total $16,799)

[next game >>]

Jeopardy! Round responses

SHAKESPEAREAN ALPHABET
FAMOUS COMEDY TEAMS
A HOST OF GHOSTS
NOTABLE WOMEN
VIRGINIA
THE "OLD" DOMINION
    $200 16
a chorus

Kathleen
    $200 13
(Kathleen: Uh, who are Martin and, uh...)

Martin & Lewis

DeborahKathleen
    $200 8
St. Paul

Jon
    $200 6
Golda Meir

Deborah
    $200 22
Jamestown

Jon
    $200 1
cold turkey

Deborah
    $400 17
apothecary

Triple Stumper
    $400 14
Burns & Allen

Jon
    $400 11
New York

Jon
    $400 7
Ivanhoe

Triple Stumper
    $400 23
Woodrow Wilson

Kathleen
    $400 2
a scaffold

Kathleen
    $600 18
zounds

Kathleen
    $600 15
Rowan & Martin

Kathleen
    $600 28
Beloved

Deborah
    $600 9
(Maya) Lin

Deborah
    $1,500 25
(Deborah: Who was, um... the Virgin Queen, [*]?)

Elizabeth I

Deborah
    $600 3
goldfish

Kathleen
    $800 19
(Deborah: Who is Orsino?)

Orlando

DeborahJon
    $800 20
Edgar Bergen & Charlie McCarthy

Deborah
    $800 29
(Samuel) Johnson

Kathleen
    $800 10
Agnes de Mille

Triple Stumper
    $800 26
the Chesapeake

Kathleen
    $800 4
to smolder

Deborah
    $1000 24
Fortinbras

Deborah
    $1000 21
Stiller & Meara

Jon
    $1000 30
(Jon: Who are Calvin?)

the Wesleys (John & Charles)

JonKathleen
    $1000 12
(Alex: How quickly we forgot!)

Anita Hill

Triple Stumper
    $1000 27
(Deborah: What's the cornflower?)

the dogwood

Deborah
Triple Stumper
    $1000 5
Moldova

Kathleen

Scores at the first commercial break (after clue 15):

Deborah Jon Kathleen
$2,000 $1,000 $2,400

Scores at the end of the Jeopardy! Round:

Deborah Jon Kathleen
$4,100 $2,000 $6,200

Double Jeopardy! Round responses

THE GERALD R. FORD MUSEUM
SONGFUL WOMEN
TECHNO THRILLERS
THE 1950s
WHAT'S FOR LUNCH?
"DIC"-TIONARY
    $400 18
the pardon of Richard Nixon

Kathleen
    $400 22
Gwen Stefani

Triple Stumper
    $400 11
(Kathleen: What's a Toyota?)
(Alex: Be more specific.)
(Kathleen: Uh, what's a Corolla?)

Camry

DeborahKathleen
    $400 1
Howdy Doody Time!

Deborah
    $400 12
a hamburger

Triple Stumper
    $400 3
a dickey

Kathleen
    $800 19
Michigan

Kathleen
    $800 23
(Alex: And her name is [*]. I bet you if we had teens here today, they'd be able to get all of these. Jon, pick again.)
(Jon: I'm feeling old, Alex.)

Amy Winehouse

Triple Stumper
    $800 17
THX

Triple Stumper
    $800 2
In God we trust

Kathleen
    $800 13
a Cobb salad

Jon
    $800 4
dictation

Kathleen
    $1200 20
(Deborah: What is Japan?)

Hirohito

DeborahJon
    $1200 6
(Jon: What is the FAA?)

NASA

JonKathleen
    $3,500 14
skate

Jon
    $1200 5
Dickinson

Deborah
    $1600 21
Lynette "Squeaky" Fromme

Jon
    $1600 9
Algeria

Deborah
    $1600 15
(Deborah: What are ramen?)

soba

Deborah
Triple Stumper
    $1600 7
a dictum

Kathleen
    $2000 24
(Jon: Who is Menachem Begin?)

(Yitzhak) Rabin

DeborahJon
    $2000 25
flash drives

Triple Stumper
    $2,500 10
SEATO (Southeast Asia Treaty Organization)

Deborah
    $2000 16
a porterhouse

Jon
    $2000 8
a dichotomy

Jon

Scores at the end of the Double Jeopardy! Round:

Deborah Jon Kathleen
$9,400 $9,900 $11,800

[wagering suggestions for these scores]

Final Jeopardy! Round responses

OLYMPIC CITIES
DeborahWhat is Mexico City?
$501
JonWhat is Sydney
$8,600
KathleenWhat is Sydney?
$8,001
Mexico City

Final scores:

Deborah Jon Kathleen
$9,901 $1,300 $3,799
2-day champion: $26,700 3rd place: $1,000 2nd place: $2,000

Game dynamics:

Coryat scores:

Deborah Jon Kathleen
$8,000 $7,600 $11,800
15 R
(including 2 DDs),
4 W
12 R
(including 1 DD),
3 W
17 R,
2 W

Combined Coryat: $27,400

The J! Archive is created by fans, for fans. The Jeopardy! game show and all elements thereof, including but not limited to copyright and trademark thereto, are the property of Jeopardy Productions, Inc. and are protected under law. This website is not affiliated with, sponsored by, or operated by Jeopardy Productions, Inc. Join the discussion at JBoard.tv.